000 00625nam a2200241Ia 4500
001 16515
005 20240113235717.0
007 ta
008 051219s1956 a g b000 u hin u
040 _aCotton College,Assam
041 _ahin
082 _a523.1
_bM 689 An
100 _aMishra, Purnanda .
245 0 _aAntar Ki Rah Mein /
_cPurnanda Mishra.
_hTextual Documents
250 _a1st ed. /
260 _aRajasthan :
_bPurnanda Mishra ,
_c1956.
300 _a465p. :
_bill ;
_c20cm .
653 _aAstronomy
653 _aG-Mathematics
942 _2ddc
_cBK
999 _c16497
_d16497